000 01578nam0a2200373 4500
001 RU\NLR\bibl\1291189
005 20260409071234.0
010 _a978-5-91250-687-1
_94000
021 _aRU
_b2008-72295
_94144
021 _aRU
_b2008-72320
_94146
035 _a(NLR Aleph) 001276869
090 _a474164
_c474164
100 _a20081101d2008 u y0rusy50 ca
101 1 _arus
_ceng
102 _aRU
_aUA
105 _aa |||||||||
200 1 _aКнига Великих Вопросов
_eчто мы вообще знаем?
_fУильям Арнц, Бетси Чейс, Марк Висенте
_g[пер. с англ. Е. Мирошниченко]
210 _aМосква
_cСофия
_aКиев
_cСофия
_d2008
215 _a351 с.
_d21
300 _aЗагл. и авт. ориг.: What the bleep do we know?/ William Arntz, Betsy Chasse, Mark Vicente
454 0 _12001#$aWhat the bleep do we know?$fWilliam Arntz, Betsy Chasse, Mark Vicente
_1700#1$aArntz, Betsy Chasse, Mark Vicente$bW$gWilliam at al$4070
_tWhat the bleep do we know?
_aArntz, Betsy Chasse, Mark Vicente, William at al
606 _aРеальность (филос.)
_3RU\NLR\auth\66522884
_91270689
606 1 _aПознание
_9962731
_3RU\NLR\auth\6640867
686 _aЮ223.221
686 _aЮ225
700 1 _aАрнц
_bУ.
_gУильям
_4070
701 1 _aЧейс
_bБ.
_gБетси
_4070
701 1 _aВисенте
_bМ.
_gМарк
_4070
801 0 _aRU
_bNLR
_c20081101
_gRCR
801 1 _aRU
_bNLR
_c20081101
830 _aпо кн
942 _cBOOK
980 _aNB